Setas comunes de Benavente y comarca / (Record no. 184003)

MARC details
000 -LEADER
campo de control de longitud fija 01210nam a2200265 i 4500
001 - NÚMERO DE CONTROL
campo de control 184003
003 - IDENTIFICADOR DE NÚMERO DE CONTROL
campo de control ES-MaACL
005 - FECHA Y HORA DE LA ÚLTIMA TRANSACCIÓN
campo de control 20250904060332.0
008 - DATOS DE LONGITUD FIJA--INFORMACIÓN GENERAL
campo de control de longitud fija 150206s2007 sp ao |||| | spa d
020 ## - NÚMERO INTERNACIONAL ESTÁNDAR DEL LIBRO
Número Internacional Estándar del Libro 978-84-935455-1-2
080 ## - NÚMERO DE LA CLASIFICACIÓN DECIMAL UNIVERSAL
Número de la Clasificación Decimal Universal 582.284(460.184 Benavente)
100 1# - ENTRADA PRINCIPAL--NOMBRE DE PERSONA
Nombre de persona Juan Martínez, José Miguel,
Fechas asociadas al nombre 1969-
9 (RLIN) 156296
245 10 - MENCIÓN DEL TÍTULO
Título Setas comunes de Benavente y comarca /
Mención de responsabilidad, etc. José Miguel Juan Martínez ; [prólogos de Alfonso Merchán y Santiago de Castro].
260 ## - PUBLICACIÓN, DISTRIBUCIÓN, ETC.
Lugar de publicación, distribución, etc. Benavente :
Nombre del editor, distribuidor, etc. Centro de Estudios Benaventanos "Ledo del Pozo",
Fecha de publicación, distribución, etc. 2007.
300 ## - DESCRIPCIÓN FÍSICA
Extensión 179 p. :
Otras características físicas il. col., fot. ;
Dimensiones 28 cm.
490 1# - MENCIÓN DE SERIE
Mención de serie Patrimonio natural ;
Designación de volumen o secuencia 1
504 ## - NOTA DE BIBLIOGRAFÍA, ETC.
Nota de bibliografía, etc. Bibliografía: p. 179.
505 8# - NOTA DE CONTENIDO CON FORMATO
Nota de contenido con formato Contiene: ;
Título Índice de nombres científicos,(
Información miscelánea p. [173]) ;
Título Creencias populares,(
Información miscelánea p. 175) ;
Título Reactivos químicos, (Micología),(
Información miscelánea p. 177)
650 #7 - PUNTO DE ACCESO ADICIONAL DE MATERIA--TÉRMINO DE MATERIA
Término de materia o nombre geográfico como elemento de entrada Setas-
Subdivisión geográfica Zamora (Provincia)
9 (RLIN) 156297
700 1# - ENTRADA AGREGADA--NOMBRE PERSONAL
Nombre de persona Castro Alfageme, Santiago de
9 (RLIN) 156298
710 2# - ENTRADA AGREGADA--NOMBRE DE ENTIDAD CORPORATIVA
Nombre de entidad corporativa o nombre de jurisdicción como elemento de entrada Centro de Estudios Benaventanos "Ledo del Pozo"
9 (RLIN) 144530
830 0# - PUNTO DE ACCESO ADICIONAL DE SERIE-TÍTULO UNIFORME
Título uniforme Patrimonio natural ;
Designación de volumen o secuencia 1
9 (RLIN) 192021
852 ## - LOCALIZACIÓN
Ubicación ES-MaACL
Número de control de estantería B-467
Nota libre - Enc. cart.
-- . - Donat. Centro de Estudios Benaventanos "Ledo del Pozo"
Holdings
Estatus retirado Estado de pérdida Estado de daño No para préstamo Biblioteca de origen Biblioteca actual Ubicación en estantería Fecha de adquisición Fuente de adquisición Total de préstamos Signatura topográfica completa Código de barras Visto por última vez Precio de reemplazo Tipo de ítem Koha
        Biblioteca del Ateneo de Madrid Biblioteca del Ateneo de Madrid Sala Pardo Bazán 06/02/2015     B-467 1193489 23/02/2023 23/02/2023 Libro impreso